| 000 | 00689nac a22002051u 4500 | ||
|---|---|---|---|
| 010 | _a 75313666 | ||
| 020 | _a0876182309 | ||
| 082 | 0 | 0 |
_a628.925 _bRIC |
| 090 |
_c5879 _d5879 |
||
| 100 | _aRichman, Harold, | ||
| 245 | 1 | 0 |
_aEngine company fireground operations / _cHarold Richman. |
| 260 |
_aBowie, Md. : _bR. J. Brady Co.,[1975] _c[1975] |
||
| 300 |
_axi, 161 p. : _bill. ; _c28 cm. |
||
| 490 | 0 | _aBrady's fire fighting series | |
| 500 | _adistributer: Al-Ahram | ||
| 511 | _acatalogued by: wessam | ||
| 650 | 0 |
_aFire extinction _vHandbooks, manuals, etc. |
|
| 650 | 0 |
_aEngine companies _vHandbooks, manuals, etc. |
|
| 942 |
_cBB _k628.925RIC |
||
| 999 |
_c5879 _d5879 |
||